000 00438nam a2200169 4500
003 SEACOMEC
005 20240713135049.0
008 240713b |||||||| |||| 00| 0 eng d
020 _a9788125925309
_c225.00
040 _aSEACOMEC
082 _a336
_bB575
100 _a Bhatia, H L
245 _aPublic finance
_c/H L Bhatia
260 _aNew Delhi:
_bVikas Publishing House
_c2006
650 _aPUBLIC FINANCE, FINANCE
942 _cBOOK
999 _c1407
_d1407